Diccionario de motivos de la literatura universal

Salvato in:
Dettagli Bibliografici
Autore principale: Frenzel, Elizabeth (Autore)
Natura: Libro
Lingua:spagnolo
Pubblicazione: Madrid Gredos 1980
Soggetti:
Tags: Aggiungi Tag
Nessun Tag, puoi essere il primo ad aggiungerne!!

MARC

LEADER 00000nam a2200000 a 4500
001 UCX6393
003 CL-VaPUC
008 930602e19800000SP |||||||||||||||||spa|d
082 0 4 |a 803  |b FRE  |2 21 
100 0 |a Frenzel, Elizabeth  |e author  |9 322859 
245 1 0 |a Diccionario de motivos de la literatura universal 
300 |a 411 p 
942 |c BK 
945 |d 19930602 00:00:00 
260 |a Madrid  |b Gredos  |c 1980 
650 7 |a LITERATURA DICCIONARIOS  |2 CL-VaPUC  |9 322860 
650 7 |a TEMAS, MOTIVOS DICCIONARIOS  |2 CL-VaPUC  |9 322861 
583 |a last modification  |c 19930602 00:00:00  |k Rodrigo Vera 
999 |c 226418  |d 226416 
952 |0 0  |1 0  |4 0  |6 803_000000000000000_FRE_1980  |7 0  |8 X  |9 224747  |a BIBEDU  |b BIBEDU  |d 2019-11-15  |i 2934981  |o 803 FRE 1980  |p 2934981  |r 2023-01-13  |w 2019-11-15  |y BK_X  |k LIT